| 000 | 00779cam a2200301 4500 | ||
|---|---|---|---|
| 008 | 090401t1995 xxu||||| |||| 00| 0 eng d | ||
| 020 | _a0333641337 | ||
| 035 | _a(Sirsi) u1409 | ||
| 041 | _aeng | ||
| 050 | _a333.332 | ||
| 100 | _aButler, Diane | ||
| 245 | _aApplied valuation | ||
| 250 | _a2nd. | ||
| 260 |
_bMacMillan _c1995 |
||
| 350 | _a14.99 | ||
| 490 |
_aMacmillan Building and Surveying Series _v17 |
||
| 650 | _aCOMPENSATION | ||
| 650 |
_aCompulsory purchase _96228 |
||
| 650 |
_aLANDLORD AND TENANT _96252 |
||
| 650 | _aLEASEHOLD ENFRANCHISEMENT | ||
| 650 | _aPROPERTY DEVELOPMENT | ||
| 650 | _aRATING | ||
| 650 |
_aValuation _96273 |
||
| 690 | _aPROPERTY LAW AND PRACTICE | ||
| 690 | _aRATING AND VALUATION | ||
| 942 | _n0 | ||
| 948 | _c04/03/1997 | ||
| 999 |
_c85667 _d85667 |
||